01732nam a22002297a 4500003000400000005001700004008004100021040002800062100004400090245032800134260004100462300005500503502019100558504005300749505030600802650008101108651005501189700004301244700004701287700005001334830011801384OSt20191014192346.0170815b xxu||||| |||| 00| 0 esp d cDO-SdBJHaDO-SdBJHbspa1 aSantana, Radhames Emmanuelesustentante10aPropuesta de modernización de la Fuerza Aérea de República Dominicana 2016-2020: Análisis diagnóstico de la Dirección de Asuntos Internos / c Radhames Emmanuel Santana, Juan Paul Pérez Díaz, asesores César Edgardo Severino Santana, Tebi Enrique Rodríguez Hernández  aSanto Domingo Este :bINSUDE, c2015 axiv, 59 páginas, ilustraciones-tablas-gráficos aTrabajo de grado (Licenciatura en Ciencias Aeronáuticas) -- Instituto Superior para la Defensa (INSUDE). -- Academia Aérea Gral. De Brigada Piloto Frank Andrés Feliz Miranda, 2015. aIncluye referencias bibliográficas e índices aOrigen, evolución y situación actual delos departamentos de asuntos internos. -- Diagnostico de la dirección de asuntos internos de la Fuerza Aérea de República Dominicana. -- Propuesta de modernización para la dirección de asuntos internos de la Fuerza Aérea de República Dominicana 4aAnalisis de la Dirección de Asutos Internos -- Modernización (propuesta) 4aRepública Dominicana. Fuerza Aérea -- Asuntos1 aPérez Díaz, Juan Paulesustentante1 aSeverino Santana, César Edgardo easesor1 aRodríguez Hernández, Tebi Enriqueeasesor aINSUDE. Academia Aérea Gral. De Brig. Pil. Frank Andrés Feliz Miranda. Tesis y disertaciones académicas